|
|
|
|
| LEADER |
00778nam a2200241Ia 4500 |
| 008 |
240829s9999 xx 000 0 und d |
| 020 |
|
|
|a 84-252-1865-9
|
| 040 |
|
|
|a BIBLIOTECA-RUSB/ 721 G643
|
| 041 |
|
|
|a spa
|
| 082 |
|
|
|a 721 G643
|
| 100 |
1 |
|
|a González, José Luis
|
| 100 |
1 |
|
|b Casals, Albert
|
| 100 |
1 |
|
|c Falcones, Alejandro
|
| 245 |
1 |
0 |
|a Claves del construir arquitectónico : tomo II. Elementos elementos del exterior, la estructura y la compartimentación
|
| 260 |
|
|
|a España
|b Gustavo Gili
|c 2001
|
| 300 |
|
|
|a 176 p. :il.
|
| 650 |
7 |
|
|a ESTRUCTURA ARQUITECTONICA - ELEMENTOS
|
| 650 |
7 |
|
|b INSTALACIONES - DESPLAZAMIENTO
|
| 650 |
7 |
|
|c INSTALACIONES - ELEMENTOS
|
| 650 |
7 |
|
|d FACHADA, CUBIERTA, CERRAMIENTOS
|
| 942 |
|
|
|c BK
|2 ddc
|
| 991 |
|
|
|a TEXTO
|
| 999 |
|
|
|c 5109
|